ՀՀ Գիտությունների ազգային ակադեմիայի հիմնարար գիտական գրադարան  =   Fundamental Scientific Library of NAS RA

Раны : (Record no. 467780)

MARC details
000 -LEADER
fixed length control field 01419nam a2200229 a 4500
001 - CONTROL NUMBER
control field 000988714
003 - CONTROL NUMBER IDENTIFIER
control field AM-YeHGA
005 - DATE AND TIME OF LATEST TRANSACTION
control field 20250617161230.0
008 - FIXED-LENGTH DATA ELEMENTS--GENERAL INFORMATION
fixed length control field 131022s1968 ||||||||r|||||000|0|rus|d
040 ## - CATALOGING SOURCE
Original cataloging agency AM-YeHGA
041 0# - LANGUAGE CODE
Language code of text/sound track or separate title rus
090 ## - LOCALLY ASSIGNED LC-TYPE CALL NUMBER (OCLC); LOCAL CALL NUMBER (RLIN)
-- 471011
245 00 - TITLE STATEMENT
Title Раны :
Remainder of title Материалы X Расширенного пленума Правления Общества хирургов Казахской ССР, посвященного 50-летию Великой Октябрьской социалистической революции, 25-28 мая 1966 г. /
Statement of responsibility, etc. [Редкол.: А.Н. Сызганов (отв. ред.) [и др.]]; МЗ КазССР, Казахский институт клинической и экспериментальной хирургии.
260 ## - PUBLICATION, DISTRIBUTION, ETC.
Place of publication, distribution, etc. Алма-Ата :
Name of publisher, distributor, etc. Наука КазССР,
Date of publication, distribution, etc. 1968.
300 ## - PHYSICAL DESCRIPTION
Extent 195 с. :
Other physical details ил. ;
Dimensions 25 см.
504 ## - BIBLIOGRAPHY, ETC. NOTE
Bibliography, etc. note Библиогр. в конце глав.
650 14 - SUBJECT ADDED ENTRY--TOPICAL TERM
Topical term or geographic name entry element Хирургия
700 1# - ADDED ENTRY--PERSONAL NAME
Personal name Сызганов, А.Н.
Relator term ред.
Relationship edt
710 2# - ADDED ENTRY--CORPORATE NAME
Corporate name or jurisdiction name as entry element Министерство здравоохранения КазССР
710 2# - ADDED ENTRY--CORPORATE NAME
Corporate name or jurisdiction name as entry element Казахский институт клинической и экспериментальной хирургии Расширенный пленум Правления Общества хирургов
711 2# - ADDED ENTRY--MEETING NAME
Meeting name or jurisdiction name as entry element Казахской ССР
Number of part/section/meeting (10 ;
Date of meeting or treaty signing 1966 ;
Location of meeting Казахстан)
Holdings
Withdrawn status Lost status Source of classification or shelving scheme Damaged status Not for loan Collection Home library Current library Date acquired Total checkouts Full call number Barcode Date last seen Price effective from Koha item type Public note
    Universal Decimal Classification     General Fundamental Scientific Library Fundamental Scientific Library 07/03/2018   PIII/25723 FL0486808 07/03/2018 07/03/2018 Գրքեր / Books 30 Days Loan
    Universal Decimal Classification     General Fundamental Scientific Library Fundamental Scientific Library 07/03/2018   PIII/25941 FL0487242 07/03/2018 07/03/2018 Գրքեր / Books 30 Days Loan


ՀՀ ԳԱԱ հիմնարար գիտական գրադարան
ՀՀ,Երևան 0019
Մարշալ Բաղրամյան 24/6
հեռախոս:(374-10) 52-47-50
Հետադարձ կապ

All site content, except where otherwise noted, is licensed under a
Creative Commons License